Statistics for Capitals of Indian Subcontinent Countries

Click here to take the quiz!

General Stats

  • This quiz has been taken 22 times
  • The average score is 6 of 7

Answer Stats

CountryCapital% Correct
IndiaNew Delhi
100%
PakistanIslamabad
100%
BhutanThimphu
90%
MaldivesMalé
90%
NepalKathmandu
90%
BangladeshDhaka
85%
Sri LankaSri Jayawardenepura Kotte
50%

Score Distribution

Percentile by Number Answered

Percent of People with Each Score

Your Score History

You have not taken this quiz